000 00502nam a2200193Ia 4500
005 20250326130528.0
008 250326s9999 xx 000 0 und d
037 _aTextbook
040 _aFMSL
_beng
_cFMSL
041 _aeng
_2eng
084 _aB2893 Q3:4
_qFMSL
100 _aSharma J K
245 0 _aOperations Reasearch
_cSharma J K
250 _a5
260 _aNew Delhi
_bNew Delhi, McMillan
_c2013
300 _a943p
942 _cTB
_hB2893 Q3:4
999 _c1282922
_d1282922